Geografía humana de la república argentina /
Guardado en:
| Autor Principal: | |
|---|---|
| Formato: | Libro |
| Publicado: |
Buenos Aires :
Stella,
1989
|
| Materias: | |
| Etiquetas: |
Agregar Etiqueta
Sin Etiquetas, Sea el primero en etiquetar este registro!
|
| LEADER | 00639nam a22002055a 4500 | ||
|---|---|---|---|
| 001 | CEM.cems005616 | ||
| 008 | 130507s1989##################000#0#####d | ||
| 005 | 20241216115153.0 | ||
| 245 | 1 | 0 | |a Geografía humana de la república argentina / |
| 260 | |a Buenos Aires : |b Stella, |c 1989 | ||
| 300 | |a 572 p. | ||
| 100 | 1 | |a Rossi, Floreal | |
| 082 | 0 | 4 | |a 330.982 |
| 653 | |a Economia | ||
| 653 | |a Geografia argentina | ||
| 653 | |a Geografia económica | ||
| 653 | |a Geografia humana | ||
| 653 | |a Medio rural | ||
| 859 | |a CEMS |b BIB. CEMS - 11 de abril |h 330.982 |i R735-1 |p 16255.91 |t Ej.1 | ||
| 859 | |a CEMS |b BIB. CEMS - 11 de abril |h 330.982 |i R735-1 |p 16851.93 |t Ej.3 | ||
